| 000 | 01267nam a2200337Ia 4500 | ||
|---|---|---|---|
| 001 | dia_1025 | ||
| 003 | CHAP | ||
| 005 | 20260306062803.0 | ||
| 008 | 220117s2010 xx 000 0 und d | ||
| 010 | _a172075 | ||
| 020 | _a978-968-02-0433-5 | ||
| 040 | _cCHAP | ||
| 082 | _a630.72 I58 2010 | ||
| 110 | 2 |
_aUniversidad Autónoma Chapingo _9143749 |
|
| 245 | _aInvestigación en agronomía y ciencias básicas y sus aplicaciónes : biología y química | ||
| 260 |
_aMéxico : _b UACh :, _b COLPOS :, _b IPN, _c2010 |
||
| 300 | _a493 p. | ||
| 503 | _aD. | ||
| 504 | _aIncluye bibliografías | ||
| 505 | _aCompilación de trabajos de investigación de instituciones como La Universidad Autónoma Chapingo, Colegio de Posgraduados e Instituto Politécnico Nacional. | ||
| 590 | _aS405 I58 2010 | ||
| 650 |
_aAgricultura _xInvestigación _91577 |
||
| 650 |
_aAgriculture _xResearch _9150946 |
||
| 650 |
_aAgronomía _9149014 |
||
| 650 |
_aAgronomy _9149015 |
||
| 710 |
_aUniversidad Autónoma Chapingo (México) \ Colegio de Posgraduados (México) \ Instituto Politécnico Nacional (México) _9150947 |
||
| 901 | _a630.72 I58 2010 | ||
| 902 | _aA | ||
| 905 | _a5232272010 mx abdm8222223322spa16 | ||
| 942 |
_cLIBRO _2ddc |
||
| 999 |
_c172075 _d172075 |
||